Govt. of
Madhya Pradesh

Buddhas Teachings being the Sutta Nipata or Discourse Collection (Record no. 40523)

MARC details
000 -LEADER
fixed length control field 004660000a22001690004500
003 - CONTROL NUMBER IDENTIFIER
control field MACL
005 - DATE AND TIME OF LATEST TRANSACTION
control field 20151222121719.0
008 - FIXED-LENGTH DATA ELEMENTS--GENERAL INFORMATION
fixed length control field 151222b xxu||||| |||| 00| 0 eng d
040 ## - CATALOGING SOURCE
Original cataloging agency MACL
Transcribing agency English
082 ## - DEWEY DECIMAL CLASSIFICATION NUMBER
Classification number 200/CHA
100 ## - MAIN ENTRY--PERSONAL NAME
Personal name Chalmers, Lord
9 (RLIN) 21779
245 ## - TITLE STATEMENT
Title Buddhas Teachings being the Sutta Nipata or Discourse Collection
260 ## - PUBLICATION, DISTRIBUTION, ETC. (IMPRINT)
Name of publisher, distributor, etc. Harvard University Press
Date of publication, distribution, etc. 1932
Place of publication, distribution, etc. London
350 ## - PRICE (NR) (BK AM CF MU VM SE) [OBSOLETE]
Price 36
650 ## - SUBJECT ADDED ENTRY--TOPICAL TERM
Topical term or geographic name as entry element Religion
9 (RLIN) 21780
942 ## - ADDED ENTRY ELEMENTS (KOHA)
Koha item type Books
Call number prefix 200/CHA
Source of classification or shelving scheme
Holdings
Withdrawn status Lost status Source of classification or shelving scheme Damaged status Not for loan Home library Current library Date acquired Cost, normal purchase price Total Checkouts Full call number Barcode Date last seen Uniform Resource Identifier Price effective from Koha item type
          MACL MACL 15/04/2015 36.00   200/CHA RBKS CRB006536 29/04/2015 40769 15/04/2015 Books